000 00713nam a2200253Ia 4500
003 OSt
005 20220918185409.0
006 a|||||r|||| 00| 0
007 ta
008 220917b |||||||| |||| 00| 0 eng d
024 _a50,884
037 _cTextual
040 _aARTS
_cARTS
_beng
041 _2eng
_aeng
082 _aP111:1z7, L51
100 _aGoyvaerts Didier L ed
_968890
245 0 _aEssays on the sound pattern of English
260 _aGhent
_bE Story Scientia
_c1975
300 _ax,580p.
_ccm.
650 _aLINGUISTICS
700 _a Pullum Geoffrey K ed
942 _hP111:1z7, L51
_cTEXL
_2CC
999 _c180479
_d180479